000 00346 a2200133 4500
005 20250628132659.0
082 _a658.787 TES.
100 _aTESHA, P. C.
245 _aModern Inventory Management And Control Manual,
250 _a4th Ed.
260 _aNew York,
_bMc Graw Hill Irwin Education,
_c2002.
300 _a209p.
_c20cm.
942 _2ddc
_cBKS
999 _c6020
_d6020